[Event "European Chess Club Cup 2023"]
[Site "Durres, Albania"]
[Date "2023.10.07"]
[Round "7.6"]
[White "Shevchenko, Kirill"]
[Black "Bartel, Mateusz"]
[Result "0-1"]
[TimeControl "90' + 30' & 30\""]
[WhiteElo "2671"]
[BlackElo "2651"]

1. e4 {[%clk 01:30:57]} {[%emt 00:00:02]} e5 {[%clk 01:30:57]} {[%emt
00:00:02]} 2. Nf3 {[%clk 01:31:22]} {[%emt 00:00:07]} Nc6 {[%clk 01:31:20]}
{[%emt 00:00:06]} 3. Bc4 {[%clk 01:31:49]} {[%emt 00:00:03]} Nf6 {[%clk
01:31:41]} {[%emt 00:00:09]} 4. Ng5 {[%clk 01:32:01]} {[%emt 00:00:18]} d5
{[%clk 01:31:58]} {[%emt 00:00:12]} 5. exd5 {[%clk 01:32:27]} {[%emt 00:00:05]}
Na5 {[%clk 01:32:17]} {[%emt 00:00:10]} 6. Bb5+ {[%clk 01:32:51]} {[%emt
00:00:07]} c6 {[%clk 01:32:40]} {[%emt 00:00:07]} 7. dxc6 {[%clk 01:33:19]}
{[%emt 00:00:03]} bxc6 {[%clk 01:33:00]} {[%emt 00:00:10]} 8. Bd3 {[%clk
01:33:43]} {[%emt 00:00:05]} Nd5 {[%clk 01:32:18]} {[%emt 00:01:12]} 9. Nf3
{[%clk 01:33:59]} {[%emt 00:00:15]} Bd6 {[%clk 01:32:25]} {[%emt 00:00:22]} 10.
O-O {[%clk 01:34:13]} {[%emt 00:00:17]} Nf4 {[%clk 01:32:48]} {[%emt 00:00:06]}
11. Nc3 {[%clk 01:32:12]} {[%emt 00:02:32]} Nxd3 {[%clk 01:30:31]} {[%emt
00:02:47]} 12. cxd3 {[%clk 01:32:37]} {[%emt 00:00:04]} O-O {[%clk 01:30:49]}
{[%emt 00:00:12]} 13. Re1 {[%clk 01:32:52]} {[%emt 00:00:16]} c5 {[%clk
01:17:17]} {[%emt 00:14:01]} 14. b3 {[%clk 01:04:31]} {[%emt 00:28:52]} Nc6
{[%clk 01:08:22]} {[%emt 00:09:24]} 15. Ne4 {[%clk 01:00:43]} {[%emt 00:04:19]}
Bg4 {[%clk 01:07:34]} {[%emt 00:01:17]} 16. h3 {[%clk 00:55:21]} {[%emt
00:05:53]} Bxf3 {[%clk 00:49:19]} {[%emt 00:18:44]} 17. Qxf3 {[%clk 00:55:45]}
{[%emt 00:00:06]} Nd4 {[%clk 00:49:44]} {[%emt 00:00:04]} 18. Qd1 {[%clk
00:55:39]} {[%emt 00:00:36]} Be7 {[%clk 00:49:59]} {[%emt 00:00:16]} 19. Bb2
{[%clk 00:50:49]} {[%emt 00:05:20]} f5 {[%clk 00:48:50]} {[%emt 00:01:39]} 20.
Ng3 {[%clk 00:46:35]} {[%emt 00:04:44]} f4 {[%clk 00:47:48]} {[%emt 00:01:32]}
21. Bxd4 {[%clk 00:38:08]} {[%emt 00:08:58]} exd4 {[%clk 00:41:19]} {[%emt
00:06:59]} 22. Ne4 {[%clk 00:28:41]} {[%emt 00:09:57]} f3 {[%clk 00:41:41]}
{[%emt 00:00:07]} 23. Qc2 {[%clk 00:18:23]} {[%emt 00:10:48]} fxg2 {[%clk
00:36:31]} {[%emt 00:05:41]} 24. Kxg2 {[%clk 00:14:55]} {[%emt 00:03:58]} Kh8
{[%clk 00:36:55]} {[%emt 00:00:05]} 25. Qc4 {[%clk 00:11:29]} {[%emt 00:03:57]}
Rb8 {[%clk 00:36:25]} {[%emt 00:00:59]} 26. Ng3 {[%clk 00:06:52]} {[%emt
00:05:07]} Bh4 {[%clk 00:29:47]} {[%emt 00:07:08]} 27. Qe6 {[%clk 00:02:52]}
{[%emt 00:04:31]} Rb6 {[%clk 00:26:50]} {[%emt 00:03:26]} 28. Qe4 {[%clk
00:03:21]} {[%emt 00:00:02]} Rbf6 {[%clk 00:25:47]} {[%emt 00:01:32]} 29. Re2
{[%clk 00:03:29]} {[%emt 00:00:23]} Rf4 {[%clk 00:25:55]} {[%emt 00:00:21]} 30.
Qe5 {[%clk 00:01:47]} {[%emt 00:02:11]} Qa8+ {[%clk 00:25:40]} {[%emt
00:00:46]} 31. Ne4 {[%clk 00:02:00]} {[%emt 00:00:17]} R4f5 {[%clk 00:17:11]}
{[%emt 00:08:58]} 32. Qd6 {[%clk 00:01:29]} {[%emt 00:01:02]} R8f6 {[%clk
00:17:12]} {[%emt 00:00:28]} 33. Qd7 {[%clk 00:01:14]} {[%emt 00:00:44]} Rxf2+
{[%clk 00:11:47]} {[%emt 00:05:56]} 34. Rxf2 {[%clk 00:01:41]} {[%emt
00:00:03]} Rxf2+ {[%clk 00:12:10]} {[%emt 00:00:07]} 35. Kg1 {[%clk 00:00:32]}
{[%emt 00:01:39]} Qb8 {[%clk 00:12:17]} {[%emt 00:00:23]} 36. Qd6 {[%clk
00:00:33]} {[%emt 00:00:30]} Qxd6 {[%clk 00:12:14]} {[%emt 00:00:32]} 37. Nxd6
{[%clk 00:01:02]} Rxd2 {[%clk 00:12:27]} {[%emt 00:00:16]} 38. Rf1 {[%clk
00:00:35]} {[%emt 00:00:57]} Kg8 {[%clk 00:12:19]} {[%emt 00:00:39]} 39. Rf3
{[%clk 00:00:42]} {[%emt 00:00:23]} Rxa2 {[%clk 00:12:13]} {[%emt 00:00:35]} 40.
Rf5 {[%clk 00:00:47]} {[%emt 00:00:25]} Be7 {[%clk 00:06:49]} {[%emt 00:05:54]}
41. Nc4 {[%clk 00:27:22]} {[%emt 00:03:55]} Ra1+ {[%clk 00:31:10]} {[%emt
00:06:08]} 42. Kf2 {[%clk 00:25:54]} {[%emt 00:01:59]} Rh1 {[%clk 00:30:33]}
{[%emt 00:01:08]} 43. Rf3 {[%clk 00:25:47]} {[%emt 00:00:37]} Bh4+ {[%clk
00:20:19]} {[%emt 00:10:43]} 44. Ke2 {[%clk 00:23:18]} {[%emt 00:02:59]} g6
{[%clk 00:20:37]} {[%emt 00:00:13]} 45. Nd6 {[%clk 00:21:55]} {[%emt 00:01:53]}
Rb1 {[%clk 00:20:59]} {[%emt 00:00:07]} 46. Ne4 {[%clk 00:22:13]} {[%emt
00:00:13]} Rxb3 {[%clk 00:19:18]} {[%emt 00:02:11]} 47. Nxc5 {[%clk 00:22:33]}
{[%emt 00:00:10]} Rb5 {[%clk 00:17:20]} {[%emt 00:02:27]} 48. Ne4 {[%clk
00:21:29]} {[%emt 00:01:35]} Rb2+ {[%clk 00:15:50]} {[%emt 00:02:00]} 49. Kd1
{[%clk 00:17:20]} {[%emt 00:04:40]} Be7 {[%clk 00:16:10]} {[%emt 00:00:09]} 50.
Kc1 {[%clk 00:16:10]} {[%emt 00:01:40]} Rh2 {[%clk 00:16:24]} {[%emt 00:00:16]}
51. Nf2 {[%clk 00:15:16]} {[%emt 00:01:24]} h5 {[%clk 00:16:17]} {[%emt
00:00:37]} 52. Ne4 {[%clk 00:15:10]} {[%emt 00:00:37]} Kg7 {[%clk 00:16:30]}
{[%emt 00:00:16]} 53. Kd1 {[%clk 00:15:16]} {[%emt 00:00:23]} a5 {[%clk
00:16:42]} {[%emt 00:00:18]} 0-1

[Event "European Chess Club Cup 2023"]
[Site "Durres, Albania"]
[Date "2023.10.07"]
[Round "7.7"]
[White "Carlsen, Magnus"]
[Black "Vachier-Lagrave, Maxime"]
[Result "1/2-1/2"]
[TimeControl "90' + 30' & 30\""]
[WhiteElo "2839"]
[BlackElo "2727"]

1. d4 {[%clk 01:30:58]} d5 {[%clk 01:30:57]} {[%emt 00:00:04]} 2. Nf3 {[%clk
01:31:20]} {[%emt 00:00:07]} Nf6 {[%clk 01:31:23]} {[%emt 00:00:05]} 3. c4
{[%clk 01:31:44]} {[%emt 00:00:06]} dxc4 {[%clk 01:31:45]} {[%emt 00:00:09]} 4.
Qa4+ {[%clk 01:32:05]} {[%emt 00:00:08]} Nc6 {[%clk 01:29:28]} {[%emt
00:02:48]} 5. e3 {[%clk 01:31:20]} {[%emt 00:01:10]} Nd7 {[%clk 01:28:16]}
{[%emt 00:01:47]} 6. Bxc4 {[%clk 01:30:14]} {[%emt 00:01:35]} Nb6 {[%clk
01:28:13]} {[%emt 00:00:33]} 7. Qb3 {[%clk 01:30:36]} {[%emt 00:00:08]} Nxc4
{[%clk 01:28:37]} {[%emt 00:00:05]} 8. Qxc4 {[%clk 01:30:58]} {[%emt 00:00:08]}
Be6 {[%clk 01:28:49]} {[%emt 00:00:19]} 9. Qe2 {[%clk 01:31:01]} {[%emt
00:00:26]} Qd5 {[%clk 01:27:56]} {[%emt 00:01:23]} 10. Nbd2 {[%clk 01:29:58]}
{[%emt 00:01:33]} f5 {[%clk 01:27:11]} {[%emt 00:01:16]} 11. O-O {[%clk
01:29:39]} {[%emt 00:00:48]} O-O-O {[%clk 01:26:35]} {[%emt 00:01:07]} 12. b4
{[%clk 01:30:00]} {[%emt 00:00:09]} Nxb4 {[%clk 01:25:17]} {[%emt 00:01:49]} 13.
a4 {[%clk 01:15:58]} {[%emt 00:14:31]} Qd6 {[%clk 01:24:43]} {[%emt 00:01:04]}
14. Ba3 {[%clk 01:10:49]} {[%emt 00:05:39]} Qa6 {[%clk 01:20:46]} {[%emt
00:04:27]} 15. Qd1 {[%clk 01:10:29]} {[%emt 00:00:50]} Nd3 {[%clk 01:20:31]}
{[%emt 00:00:46]} 16. Qc2 {[%clk 00:53:53]} {[%emt 00:17:05]} Bd5 {[%clk
01:20:39]} {[%emt 00:00:22]} 17. Rfb1 {[%clk 00:53:01]} {[%emt 00:01:22]} e5
{[%clk 01:20:47]} {[%emt 00:00:22]} 18. Nxe5 {[%clk 00:53:09]} {[%emt
00:00:22]} Nxe5 {[%clk 01:21:02]} {[%emt 00:00:15]} 19. Qxf5+ {[%clk 00:53:22]}
{[%emt 00:00:17]} Qe6 {[%clk 01:19:00]} {[%emt 00:02:32]} 20. Qxe5 {[%clk
00:53:42]} {[%emt 00:00:10]} Qxe5 {[%clk 01:19:19]} {[%emt 00:00:11]} 21. dxe5
{[%clk 00:54:04]} {[%emt 00:00:08]} Bxa3 {[%clk 01:06:41]} {[%emt 00:13:08]} 22.
Rxa3 {[%clk 00:54:32]} {[%emt 00:00:02]} Bxg2 {[%clk 01:07:03]} {[%emt
00:00:08]} 23. Kxg2 {[%clk 00:54:27]} {[%emt 00:00:35]} Rxd2 {[%clk 01:07:28]}
{[%emt 00:00:05]} 24. Kg3 {[%clk 00:53:39]} {[%emt 00:01:18]} Rf8 {[%clk
00:50:30]} {[%emt 00:17:29]} 25. f4 {[%clk 00:53:40]} {[%emt 00:00:27]} g5
{[%clk 00:50:57]} {[%emt 00:00:04]} 26. a5 {[%clk 00:39:01]} {[%emt 00:15:10]}
gxf4+ {[%clk 00:47:06]} {[%emt 00:04:21]} 27. exf4 {[%emt 00:01:31]} Rd4 {[%clk
00:46:08]} 28. Rf3 {[%clk 00:35:24]} {[%emt 00:04:33]} Rf5 {[%clk 00:44:45]}
{[%emt 00:01:53]} 29. Re1 {[%clk 00:29:46]} {[%emt 00:06:08]} Kd7 {[%clk
00:42:09]} {[%emt 00:03:06]} 30. e6+ {[%clk 00:29:56]} {[%emt 00:00:20]} Ke7
{[%clk 00:41:51]} {[%emt 00:00:48]} 31. Rc3 {[%clk 00:27:22]} {[%emt 00:03:04]}
c5 {[%clk 00:41:33]} {[%emt 00:00:48]} 32. Rb3 {[%clk 00:27:25]} {[%emt
00:00:27]} b6 {[%clk 00:41:33]} {[%emt 00:00:30]} 33. axb6 {[%clk 00:27:20]}
{[%emt 00:00:35]} axb6 {[%clk 00:42:00]} {[%emt 00:00:03]} 34. Rxb6 {[%clk
00:26:02]} {[%emt 00:01:48]} Rfxf4 {[%clk 00:42:12]} {[%emt 00:00:18]} 35. Rb7+
{[%clk 00:26:23]} {[%emt 00:00:09]} Ke8 {[%clk 00:42:39]} {[%emt 00:00:03]} 36.
Rb8+ {[%clk 00:24:16]} {[%emt 00:02:37]} Ke7 {[%clk 00:43:03]} {[%emt
00:00:06]} 37. Rb7+ {[%clk 00:24:42]} {[%emt 00:00:04]} Ke8 {[%clk 00:43:30]}
{[%emt 00:00:03]} 38. Re5 {[%clk 00:21:35]} {[%emt 00:03:37]} Rg4+ {[%clk
00:42:52]} {[%emt 00:01:08]} 39. Kf3 {[%clk 00:21:11]} {[%emt 00:00:54]} Rdf4+
{[%clk 00:43:12]} {[%emt 00:00:09]} 40. Ke3 {[%clk 00:21:33]} {[%emt 00:00:08]}
Rb4 {[%clk 00:43:37]} {[%emt 00:00:06]} 41. Rxh7 {[%clk 00:21:40]} {[%emt
00:00:23]} Rh4 {[%clk 00:43:22]} {[%emt 00:00:45]} 42. Rxh4 {[%clk 00:21:27]}
Rxh4 {[%clk 00:43:46]} {[%emt 00:00:49]} 43. Rxc5 {[%clk 00:21:54]} {[%emt
00:00:04]} Rxh2 {[%clk 00:43:57]} {[%emt 00:00:18]} 44. Rc7 {[%clk 00:22:17]}
{[%emt 00:00:07]} Rh6 {[%clk 00:44:22]} {[%emt 00:00:05]} 45. e7 {[%clk
00:22:42]} {[%emt 00:00:05]} Re6+ {[%clk 00:44:50]} {[%emt 00:00:03]} 46. Kd4
{[%clk 00:23:02]} {[%emt 00:00:10]} Rxe7 {[%clk 00:45:17]} {[%emt 00:00:02]} 47.
Rxe7+ {[%clk 00:23:26]} {[%emt 00:00:06]} Kxe7 {[%clk 00:45:44]} {[%emt
00:00:03]} 48. Ke4 {[%emt 00:00:02]} 1/2-1/2

[Event "European Chess Club Cup 2023"]
[Site "Durres, Albania"]
[Date "2023.10.07"]
[Round "7.8"]
[White "Martirosyan, Haik M."]
[Black "Sadhwani, Raunak"]
[Result "1/2-1/2"]
[TimeControl "90' + 30' & 30\""]
[WhiteElo "2696"]
[BlackElo "2641"]

1. e4 {[%clk 01:30:56]} {[%emt 00:00:03]} e5 {[%clk 01:30:55]} {[%emt
00:00:05]} 2. Nf3 {[%clk 01:31:09]} {[%emt 00:00:17]} Nc6 {[%clk 01:31:20]}
{[%emt 00:00:05]} 3. Bb5 {[%clk 01:31:23]} {[%emt 00:00:16]} Nf6 {[%clk
01:31:44]} {[%emt 00:00:06]} 4. O-O {[%clk 01:31:39]} {[%emt 00:00:14]} Nxe4
{[%clk 01:32:09]} {[%emt 00:00:05]} 5. d4 {[%clk 01:31:52]} {[%emt 00:00:17]}
Nd6 {[%clk 01:32:34]} {[%emt 00:00:06]} 6. Bxc6 {[%clk 01:32:16]} {[%emt
00:00:06]} dxc6 {[%clk 01:32:58]} {[%emt 00:00:06]} 7. dxe5 {[%clk 01:32:39]}
{[%emt 00:00:07]} Nf5 {[%clk 01:33:23]} {[%emt 00:00:05]} 8. Qxd8+ {[%clk
01:32:59]} {[%emt 00:00:10]} Kxd8 {[%clk 01:33:49]} {[%emt 00:00:04]} 9. h3
{[%clk 01:33:18]} {[%emt 00:00:12]} Ke8 {[%clk 01:34:09]} {[%emt 00:00:09]} 10.
Nc3 {[%clk 01:33:04]} {[%emt 00:00:43]} h5 {[%clk 01:34:25]} {[%emt 00:00:15]}
11. Bg5 {[%clk 01:33:04]} {[%emt 00:00:30]} Be7 {[%clk 01:20:57]} {[%emt
00:13:59]} 12. Ne2 {[%clk 01:32:54]} {[%emt 00:00:39]} Be6 {[%clk 01:12:59]}
{[%emt 00:08:28]} 13. Nf4 {[%clk 01:33:03]} {[%emt 00:00:21]} Rd8 {[%clk
01:03:48]} {[%emt 00:09:41]} 14. Bxe7 {[%clk 01:14:24]} {[%emt 00:19:09]} Kxe7
{[%clk 01:03:28]} {[%emt 00:00:50]} 15. Ng5 {[%clk 01:14:50]} {[%emt 00:00:05]}
Bc4 {[%clk 00:45:56]} {[%emt 00:18:01]} 16. Rfe1 {[%clk 01:11:54]} {[%emt
00:03:25]} Rh6 {[%clk 00:38:24]} {[%emt 00:08:03]} 17. b3 {[%clk 01:04:13]}
{[%emt 00:08:18]} Be6 {[%clk 00:36:37]} {[%emt 00:02:10]} 18. Ngxe6 {[%clk
00:59:31]} {[%emt 00:05:11]} fxe6 {[%clk 00:36:57]} {[%emt 00:00:11]} 19. Rad1
{[%clk 00:59:49]} {[%emt 00:00:12]} Rxd1 {[%clk 00:35:43]} {[%emt 00:01:44]} 20.
Rxd1 {[%clk 01:00:13]} {[%emt 00:00:05]} c5 {[%clk 00:36:05]} {[%emt 00:00:08]}
21. Nd3 {[%clk 00:41:13]} {[%emt 00:19:30]} b6 {[%clk 00:35:33]} {[%emt
00:01:02]} 22. b4 {[%clk 00:41:38]} {[%emt 00:00:06]} c4 {[%clk 00:28:53]}
{[%emt 00:07:10]} 23. Nf4 {[%clk 00:41:52]} {[%emt 00:00:15]} a6 {[%clk
00:27:20]} {[%emt 00:02:03]} 24. a4 {[%clk 00:37:40]} {[%emt 00:04:43]} Ke8
{[%clk 00:22:17]} {[%emt 00:05:34]} 25. b5 {[%clk 00:34:38]} {[%emt 00:03:31]}
axb5 {[%clk 00:21:01]} {[%emt 00:01:47]} 26. axb5 {[%clk 00:35:06]} {[%emt
00:00:01]} g5 {[%emt 00:01:43]} 27. Ne2 {[%clk 00:35:00]} Rh7 {[%clk 00:20:50]}
{[%emt 00:00:04]} 28. c3 {[%clk 00:22:09]} {[%emt 00:13:21]} Rd7 {[%clk
00:18:31]} {[%emt 00:02:48]} 29. Rxd7 {[%clk 00:22:34]} Kxd7 {[%clk 00:18:59]}
{[%emt 00:00:07]} 30. f4 {[%clk 00:20:19]} {[%emt 00:02:45]} g4 {[%clk
00:18:12]} {[%emt 00:01:18]} 31. hxg4 {[%clk 00:20:02]} {[%emt 00:00:47]} hxg4
{[%clk 00:18:33]} {[%emt 00:00:08]} 32. Kf2 {[%clk 00:20:30]} {[%emt 00:00:02]}
c6 {[%clk 00:18:31]} {[%emt 00:00:32]} 33. bxc6+ {[%clk 00:19:32]} {[%emt
00:01:28]} Kxc6 {[%clk 00:18:48]} {[%emt 00:00:13]} 34. Ng3 {[%clk 00:19:53]}
{[%emt 00:00:09]} Nxg3 {[%clk 00:15:00]} {[%emt 00:04:18]} 35. Kxg3 {[%clk
00:19:50]} {[%emt 00:00:02]} 1/2-1/2

[Event "European Chess Club Cup 2023"]
[Site "Durres, Albania"]
[Date "2023.10.07"]
[Round "7.9"]
[White "Tari, Aryan"]
[Black "Moussard, Jules"]
[Result "1-0"]
[TimeControl "90' + 30' & 30\""]
[WhiteElo "2619"]
[BlackElo "2642"]

1. e4 {[%clk 01:30:56]} c5 {[%clk 01:30:57]} {[%emt 00:00:06]} 2. Nf3 {[%clk
01:31:05]} {[%emt 00:00:21]} d6 {[%clk 01:31:22]} {[%emt 00:00:05]} 3. d4
{[%clk 01:31:26]} {[%emt 00:00:07]} cxd4 {[%clk 01:31:49]} {[%emt 00:00:06]} 4.
Nxd4 {[%clk 01:31:49]} {[%emt 00:00:06]} Nf6 {[%clk 01:32:12]} {[%emt
00:00:06]} 5. Nc3 {[%clk 01:32:14]} {[%emt 00:00:06]} a6 {[%clk 01:32:37]}
{[%emt 00:00:05]} 6. h3 {[%clk 01:32:11]} {[%emt 00:00:32]} e5 {[%clk
01:32:50]} {[%emt 00:00:17]} 7. Nf3 {[%clk 01:32:19]} {[%emt 00:00:23]} Be7
{[%clk 01:32:21]} {[%emt 00:00:59]} 8. g4 {[%clk 01:32:26]} {[%emt 00:00:23]}
b5 {[%clk 01:30:20]} {[%emt 00:02:31]} 9. g5 {[%clk 01:30:39]} {[%emt
00:02:17]} Nfd7 {[%clk 01:30:17]} {[%emt 00:00:32]} 10. Be3 {[%clk 01:21:04]}
{[%emt 00:10:05]} Bb7 {[%clk 01:22:56]} {[%emt 00:07:52]} 11. a4 {[%clk
01:18:42]} {[%emt 00:02:52]} b4 {[%clk 01:09:40]} {[%emt 00:13:46]} 12. Nd5
{[%clk 01:19:04]} {[%emt 00:00:08]} Nc5 {[%clk 01:08:31]} {[%emt 00:01:39]} 13.
Bxc5 {[%clk 01:12:49]} {[%emt 00:06:45]} dxc5 {[%clk 01:08:56]} {[%emt
00:00:06]} 14. h4 {[%clk 01:03:28]} {[%emt 00:09:51]} Nc6 {[%clk 01:00:16]}
{[%emt 00:09:10]} 15. Bc4 {[%clk 01:02:05]} {[%emt 00:01:53]} h6 {[%clk
00:51:46]} {[%emt 00:08:59]} 16. Rg1 {[%clk 00:46:59]} {[%emt 00:15:36]} hxg5
{[%clk 00:50:30]} {[%emt 00:01:46]} 17. hxg5 {[%clk 00:47:17]} {[%emt
00:00:13]} g6 {[%clk 00:49:06]} {[%emt 00:01:53]} 18. Qe2 {[%clk 00:43:30]}
{[%emt 00:04:16]} Nd4 {[%clk 00:45:13]} {[%emt 00:04:24]} 19. Nxd4 {[%clk
00:43:49]} {[%emt 00:00:12]} cxd4 {[%clk 00:45:30]} {[%emt 00:00:13]} 20. f4
{[%clk 00:26:29]} {[%emt 00:17:49]} exf4 {[%clk 00:43:49]} {[%emt 00:02:11]} 21.
O-O-O {[%clk 00:26:45]} {[%emt 00:00:14]} Bxg5 {[%clk 00:40:35]} {[%emt
00:03:44]} 22. Qg4 {[%clk 00:26:35]} {[%emt 00:00:40]} Rh5 {[%clk 00:39:07]}
{[%emt 00:01:59]} 23. Kb1 {[%clk 00:19:37]} {[%emt 00:07:27]} Qc8 {[%clk
00:30:39]} {[%emt 00:08:58]} 24. Qe2 {[%clk 00:19:53]} {[%emt 00:00:14]} f3
{[%clk 00:22:06]} {[%emt 00:09:04]} 25. Qd3 {[%clk 00:18:48]} {[%emt 00:01:35]}
Qc5 {[%clk 00:22:21]} {[%emt 00:00:14]} 26. Rdf1 {[%clk 00:15:08]} {[%emt
00:04:10]} Be3 {[%clk 00:12:30]} {[%emt 00:10:22]} 27. Nxe3 {[%clk 00:12:36]}
{[%emt 00:03:02]} dxe3 {[%clk 00:12:54]} {[%emt 00:00:05]} 28. Bxf7+ {[%clk
00:11:28]} {[%emt 00:01:38]} Ke7 {[%clk 00:13:04]} {[%emt 00:00:21]} 29. Rxf3
{[%clk 00:06:56]} {[%emt 00:05:01]} Rf5 {[%clk 00:04:10]} {[%emt 00:09:24]} 30.
exf5 {[%clk 00:05:55]} {[%emt 00:01:31]} Bxf3 {[%clk 00:04:35]} {[%emt
00:00:05]} 31. Rxg6 {[%clk 00:05:24]} {[%emt 00:01:01]} Bc6 {[%clk 00:00:55]}
{[%emt 00:04:11]} 32. Bb3 {[%clk 00:05:33]} {[%emt 00:00:21]} Rh8 {[%clk
00:00:42]} {[%emt 00:00:42]} 33. Re6+ {[%clk 00:05:51]} {[%emt 00:00:12]} 1-0

[Event "European Chess Club Cup 2023"]
[Site "Durres, Albania"]
[Date "2023.10.07"]
[Round "7.10"]
[White "Oparin, Grigoriy"]
[Black "Pranav, V"]
[Result "0-1"]
[TimeControl "90' + 30' & 30\""]
[WhiteElo "2681"]
[BlackElo "2579"]

1. e4 {[%clk 01:30:57]} {[%emt 00:00:02]} e5 {[%clk 01:30:43]} {[%emt
00:00:17]} 2. Nf3 {[%clk 01:31:23]} {[%emt 00:00:05]} Nc6 {[%clk 01:31:05]}
{[%emt 00:00:08]} 3. Bc4 {[%clk 01:31:48]} {[%emt 00:00:05]} Nf6 {[%clk
01:31:27]} {[%emt 00:00:08]} 4. d3 {[%clk 01:32:12]} {[%emt 00:00:05]} h6
{[%clk 01:31:37]} {[%emt 00:00:21]} 5. O-O {[%clk 01:32:16]} {[%emt 00:00:26]}
d6 {[%clk 01:32:00]} {[%emt 00:00:08]} 6. a4 {[%clk 01:32:10]} {[%emt
00:00:36]} g6 {[%clk 01:28:59]} {[%emt 00:03:30]} 7. a5 {[%clk 01:32:08]}
{[%emt 00:00:32]} a6 {[%clk 01:28:14]} {[%emt 00:01:15]} 8. d4 {[%clk
01:31:28]} {[%emt 00:01:10]} Bg4 {[%clk 01:25:15]} {[%emt 00:03:29]} 9. dxe5
{[%clk 01:31:41]} {[%emt 00:00:17]} dxe5 {[%clk 01:16:44]} {[%emt 00:09:01]} 10.
Nbd2 {[%clk 01:31:54]} {[%emt 00:00:16]} Bg7 {[%clk 01:11:04]} {[%emt
00:06:11]} 11. c3 {[%clk 01:29:59]} {[%emt 00:02:24]} O-O {[%clk 01:07:18]}
{[%emt 00:04:17]} 12. h3 {[%clk 01:29:35]} {[%emt 00:00:55]} Bc8 {[%clk
01:06:39]} {[%emt 00:01:08]} 13. b4 {[%clk 01:08:15]} {[%emt 00:21:50]} Ne8
{[%clk 01:04:02]} {[%emt 00:03:08]} 14. Qe2 {[%clk 01:02:16]} {[%emt 00:06:28]}
Nd6 {[%clk 01:00:59]} {[%emt 00:03:32]} 15. Bd5 {[%clk 01:02:25]} {[%emt
00:00:21]} Qe8 {[%clk 00:55:04]} {[%emt 00:06:26]} 16. Rd1 {[%clk 01:01:07]}
{[%emt 00:01:48]} Kh7 {[%clk 00:53:35]} {[%emt 00:01:59]} 17. Nc4 {[%clk
00:54:21]} {[%emt 00:07:16]} Nxc4 {[%clk 00:29:27]} {[%emt 00:24:38]} 18. Qxc4
{[%clk 00:54:36]} {[%emt 00:00:15]} f5 {[%clk 00:28:47]} {[%emt 00:01:10]} 19.
Be3 {[%clk 00:32:14]} {[%emt 00:22:51]} Rf6 {[%clk 00:22:39]} {[%emt 00:06:38]}
20. exf5 {[%clk 00:29:55]} {[%emt 00:02:50]} gxf5 {[%clk 00:20:28]} {[%emt
00:02:41]} 21. Qh4 {[%clk 00:30:21]} {[%emt 00:00:04]} f4 {[%clk 00:17:45]}
{[%emt 00:03:13]} 22. Ng5+ {[%clk 00:16:26]} {[%emt 00:14:26]} Kh8 {[%clk
00:17:40]} {[%emt 00:00:34]} 23. Bxc6 {[%clk 00:16:04]} {[%emt 00:00:53]} bxc6
{[%clk 00:10:24]} {[%emt 00:07:45]} 24. Ne4 {[%clk 00:13:36]} {[%emt 00:02:57]}
Qg6 {[%clk 00:09:03]} {[%emt 00:01:52]} 25. f3 {[%clk 00:05:34]} {[%emt
00:08:33]} fxe3 {[%clk 00:08:42]} {[%emt 00:00:50]} 26. Nxf6 {[%clk 00:06:01]}
{[%emt 00:00:03]} Bxf6 {[%clk 00:09:02]} {[%emt 00:00:11]} 27. Qe4 {[%clk
00:05:43]} {[%emt 00:00:48]} Qxe4 {[%clk 00:08:37]} {[%emt 00:00:55]} 28. fxe4
{[%clk 00:06:09]} {[%emt 00:00:03]} Bh4 {[%clk 00:06:56]} {[%emt 00:02:10]} 29.
g3 {[%clk 00:03:29]} {[%emt 00:03:11]} Bxg3 {[%clk 00:07:24]} {[%emt 00:00:02]}
30. Kg2 {[%clk 00:03:56]} {[%emt 00:00:03]} Bf2 {[%clk 00:06:55]} {[%emt
00:00:59]} 31. Rd8+ {[%clk 00:03:48]} {[%emt 00:00:38]} Kg7 {[%clk 00:07:16]}
{[%emt 00:00:09]} 32. Rad1 {[%clk 00:04:13]} {[%emt 00:00:05]} Bh4 {[%clk
00:07:24]} {[%emt 00:00:22]} 0-1